[Event "Nationale I"]
[Site "Sautron"]
[Date "2011.12.11"]
[Round "5.6"]
[White "Mehaibia, Azzedine"]
[Black "Barbot, Pierre"]
[Result "0-1"]
[WhiteElo "2147"]
[BlackElo "2266"]
[PlyCount "72"]
[EventDate "2011.12.11"]
[EventType "team-match"]
[EventCountry "FRA"]
[SourceDate "2011.11.20"]
[WhiteTeam "JEEN"]
[BlackTeam "Sautron"]

1. e4 c5 2. Nf3 Nc6 3. d4 cxd4 4. Nxd4 Nf6 5. Nc3 d6 6. Bg5 e6 7. Qd2 a6 8.
O-O-O Bd7 9. f4 b5 10. Bxf6 gxf6 11. f5 Nxd4 12. Qxd4 Bh6+ 13. Kb1 Bf4 14. Ne2
Be5 15. Qe3 Qc7 16. Nf4 Rc8 17. Bd3 Qc5 18. Qd2 Ke7 19. Rhf1 a5 20. g4 b4 21.
Be2 Ba4 22. b3 Bb5 23. Bxb5 Qxb5 24. fxe6 fxe6 25. Nd3 Bc3 26. Qe3 Rc7 27. e5
dxe5 28. Qh6 Rf8 29. g5 e4 30. Qxh7+ Rf7 31. Qxe4 f5 32. Qh4 Qc6 33. g6+ Bf6
34. Qf2 Qc3 35. Kc1 Rf8 36. h4 Rfc8 0-1

[Event "Nationale I"]
[Site "Sautron"]
[Date "2011.12.11"]
[Round "5.7"]
[White "Gallant, Aurelien"]
[Black "Bousmaha, Abderahmane"]
[Result "0-1"]
[WhiteElo "2017"]
[BlackElo "2080"]
[PlyCount "40"]
[EventDate "2011.12.11"]
[EventType "team-match"]
[EventCountry "FRA"]
[SourceDate "2011.11.20"]
[WhiteTeam "Sautron"]
[BlackTeam "JEEN"]

1. e4 e5 2. Nf3 Nc6 3. d4 exd4 4. Nxd4 Bc5 5. Be3 Qf6 6. c3 Nge7 7. Qd2 a6 8.
Be2 d5 9. Nxc6 Qxc6 10. exd5 Nxd5 11. Bf3 Be6 12. Bg5 h6 13. Bh4 g5 14. O-O
O-O-O 15. c4 gxh4 16. cxd5 Bxd5 17. Bxd5 Rxd5 18. Qf4 Rg5 19. g4 hxg3 20. hxg3
Rhg8 0-1

[Event "Nationale I"]
[Site "Sautron"]
[Date "2011.12.11"]
[Round "5.8"]
[White "Gatine, Aurelia"]
[Black "Dubois, Marie"]
[Result "1-0"]
[WhiteElo "1973"]
[BlackElo "1778"]
[PlyCount "59"]
[EventDate "2011.12.11"]
[EventType "team-match"]
[EventCountry "FRA"]
[SourceDate "2011.11.20"]
[WhiteTeam "JEEN"]
[BlackTeam "Sautron"]

1. e4 c5 2. Nf3 d6 3. Bb5+ Bd7 4. Bxd7+ Qxd7 5. O-O Nf6 6. Re1 Nc6 7. c3 g6 8.
d4 Bg7 9. Bg5 Rd8 10. h3 Qc7 11. Na3 a6 12. Qd2 h6 13. Bf4 Nh5 14. Bh2 O-O 15.
g4 Nf6 16. g5 hxg5 17. Nxg5 cxd4 18. cxd4 Nh5 19. d5 Ne5 20. Rac1 Qb6 21. Kh1
Rc8 22. f4 Nd7 23. Nc4 Qb5 24. b3 Nc5 25. Re3 Bh6 26. Qg2 Qe8 27. Rf1 Bg7 28.
e5 dxe5 29. fxe5 Qd7 30. Nb6 1-0

[Event "Nationale I"]
[Site "Clichy"]
[Date "2011.12.10"]
[Round "4.1"]
[White "Pap, Misa"]
[Black "Lagarde, Maxime"]
[Result "1/2-1/2"]
[WhiteElo "2511"]
[BlackElo "2478"]
[PlyCount "100"]
[EventDate "2011.12.10"]
[EventType "team-match"]
[EventCountry "FRA"]
[SourceDate "2011.11.20"]
[WhiteTeam "La Membrolle Choisille"]
[BlackTeam "Clichy"]

1. e4 c5 2. c3 e6 3. d4 d5 4. exd5 exd5 5. Nf3 Nc6 6. Bb5 Bd6 7. dxc5 Bxc5 8.
O-O Nge7 9. Nbd2 h6 10. Nb3 Bd6 11. Be3 Bg4 12. h3 Bh5 13. Bc5 Bxc5 14. Nxc5
Qb6 15. Bxc6+ bxc6 16. b4 Qc7 17. Re1 O-O 18. Qe2 Ng6 19. g4 Nf4 20. Qe5 Qxe5
21. Nxe5 f6 22. Nxc6 Nxh3+ 23. Kg2 Bxg4 24. f3 f5 25. Kg3 h5 26. fxg4 fxg4 27.
Ne7+ Kh7 28. Rf1 Rae8 29. Nxd5 Kh6 30. Rxf8 Rxf8 31. Ne4 Rf3+ 32. Kg2 h4 33.
Rf1 Rd3 34. Nf4 Re3 35. Nd6 Rg3+ 36. Kh2 Rxc3 37. Nf5+ Kh7 38. Nxh4 Nxf4 39.
Rxf4 Rh3+ 40. Kg2 Rxh4 41. Rf7 a6 42. Ra7 Rh6 43. a4 Rb6 44. a5 Rxb4 45. Rxa6
Ra4 46. Kg3 g6 47. Ra8 g5 48. a6 Kg7 49. Ra7+ Kg6 50. Ra8 Kg7 1/2-1/2

[Event "Nationale I"]
[Site "Clichy"]
[Date "2011.12.10"]
[Round "4.2"]
[White "Mullon, Jean Baptiste"]
[Black "Bujisho, Benjamin"]
[Result "1/2-1/2"]
[WhiteElo "2398"]
[BlackElo "2386"]
[PlyCount "112"]
[EventDate "2011.12.10"]
[EventType "team-match"]
[EventCountry "FRA"]
[SourceDate "2011.11.20"]
[WhiteTeam "La Membrolle Choisille"]
[BlackTeam "Clichy"]

1. e4 e5 2. Nf3 Nc6 3. Bb5 a6 4. Ba4 Nf6 5. d3 b5 6. Bb3 Be7 7. O-O d6 8. a4
Rb8 9. c3 O-O 10. Re1 b4 11. Nbd2 Na5 12. Bc2 c5 13. d4 bxc3 14. bxc3 cxd4 15.
cxd4 Nd7 16. Nf1 Nc6 17. Ne3 Nb4 18. Bb1 a5 19. Nf5 Re8 20. Ra3 Nf8 21. Nxg7
Kxg7 22. Qd2 Kh8 23. Qh6 Rb6 24. Ng5 Bxg5 25. Bxg5 d5 26. Qh5 f6 27. Bh6 Rb7
28. exd5 Nxd5 29. Ba2 Ng6 30. dxe5 Rxe5 31. Rxe5 Nxe5 32. h3 Be6 33. Rg3 Ng6
34. Rd3 Rd7 35. Qf3 Ne5 36. Qe2 Nxd3 37. Qxe6 N3f4 38. Qf5 Ng6 39. h4 Nxh4 40.
Qe6 Ng6 41. Bxd5 Nf4 42. Bxf4 Rxd5 43. Qf7 Rd7 44. Qe6 Qe7 45. Qf5 Rd4 46. Bh2
Qd8 47. g4 Kg8 48. Bg3 Qd7 49. Qxf6 Qxg4 50. Qe5 Qe4 51. Qxa5 Rxa4 52. Qd8+ Kg7
53. Qd7+ Kg6 54. Qd6+ Kf7 55. Qd7+ Kg6 56. Qd6+ Kf7 $11 1/2-1/2

[Event "Nationale I"]
[Site "Clichy"]
[Date "2011.12.10"]
[Round "4.3"]
[White "Kizov, Atanas"]
[Black "Sorbe, Stephane"]
[Result "1-0"]
[WhiteElo "2408"]
[BlackElo "2368"]
[PlyCount "87"]
[EventDate "2011.12.10"]
[EventType "team-match"]
[EventCountry "FRA"]
[SourceDate "2011.11.20"]
[WhiteTeam "La Membrolle Choisille"]
[BlackTeam "Clichy"]

1. d4 d5 2. c4 c6 3. cxd5 cxd5 4. Bf4 Nf6 5. Nc3 Nc6 6. e3 a6 7. Bd3 b5 8. Rc1
Bb7 9. h3 e6 10. Nf3 Be7 11. O-O O-O 12. a4 b4 13. Nb1 Rc8 14. Nbd2 Na5 15. Qe2
Qb6 16. Ne5 Rfd8 17. Bg5 Rxc1 18. Rxc1 Rc8 19. Rxc8+ Bxc8 20. Bxh7+ Kf8 21. Bd3
b3 22. Qd1 Ke8 23. Bxf6 gxf6 24. Nxf7 Qb4 25. Bg6 Kd7 26. h4 Nc4 27. Nxb3 Nxb2
28. Qc2 Qe1+ 29. Kh2 Nc4 30. g3 Bb4 31. Kg2 Ke7 32. h5 e5 33. dxe5 fxe5 34. Ng5
Bg4 35. Nf3 Bxf3+ 36. Kxf3 Qh1+ 37. Kg4 e4 38. Kg5 Kf8 39. Nd4 Be7+ 40. Kh6 Qh3
41. Bf5 Qh2 42. Qb3 Kf7 43. Be6+ Kf6 44. Qb8 1-0

[Event "Nationale I"]
[Site "Clichy"]
[Date "2011.12.10"]
[Round "4.4"]
[White "Beudaert, Xavier"]
[Black "Loiret, Stanislas"]
[Result "1-0"]
[WhiteElo "2328"]
[BlackElo "2244"]
[PlyCount "85"]
[EventDate "2011.12.10"]
[EventType "team-match"]
[EventCountry "FRA"]
[SourceDate "2011.11.20"]
[WhiteTeam "Clichy"]
[BlackTeam "La Membrolle Choisille"]

1. e4 c5 2. Nf3 d6 3. d4 cxd4 4. Nxd4 Nf6 5. Nc3 e5 6. Bb5+ Bd7 7. Bxd7+ Qxd7
8. Nde2 h6 9. O-O Nc6 10. Ng3 O-O-O 11. Be3 d5 12. exd5 Nxd5 13. Nxd5 Qxd5 14.
Qg4+ Qd7 15. Qa4 Kb8 16. c3 Be7 17. f4 f6 18. b4 Qd3 19. Rf3 Qc4 20. fxe5 fxe5
21. Qb3 Qxb3 22. axb3 a6 23. Ne4 Rhf8 24. Raf1 Rxf3 25. Rxf3 Rf8 26. Kf2 Kc7
27. Bc5 Rxf3+ 28. Kxf3 b6 29. Be3 Bd8 30. Ng3 Ne7 31. Ke4 Kd6 32. Nf5+ Nxf5 33.
Kxf5 h5 34. c4 a5 35. bxa5 bxa5 36. Bc1 Kc5 37. Ba3+ Kd4 38. Bb2+ Kd3 39. Bxe5
Be7 40. Bxg7 Kc2 41. Ke6 Bb4 42. Kd5 Kxb3 43. c5 1-0

[Event "Nationale I"]
[Site "Clichy"]
[Date "2011.12.10"]
[Round "4.6"]
[White "Coste, Thierry"]
[Black "Egreteau, Eric"]
[Result "1/2-1/2"]
[WhiteElo "2160"]
[BlackElo "2100"]
[PlyCount "92"]
[EventDate "2011.12.10"]
[EventType "team-match"]
[EventCountry "FRA"]
[SourceDate "2011.11.20"]
[WhiteTeam "Clichy"]
[BlackTeam "La Membrolle Choisille"]

1. e4 d6 2. d4 Nf6 3. Nc3 Nbd7 4. Nf3 e5 5. Bc4 Be7 6. O-O O-O 7. Re1 b6 8. a4
a6 9. b3 c6 10. d5 c5 11. h3 Ne8 12. Ne2 Kh8 13. g4 g6 14. Ng3 Ng7 15. Bd3 Nf6
16. Nh2 Ng8 17. Nhf1 f5 18. exf5 gxf5 19. gxf5 Bxf5 20. Nxf5 Nxf5 21. Bxf5 Rxf5
22. Ng3 Rf7 23. Be3 Nf6 24. Kh2 Qd7 25. Rg1 Rg8 26. Qd3 a5 27. c4 Ne8 28. Qe2
Bg5 29. Ne4 Bxe3 30. Rxg8+ Kxg8 31. Rg1+ Kh8 32. Qxe3 Rf4 33. Rg2 Qf7 34. Ng5
Qf6 35. Qg3 Rf5 36. Nxh7 Kxh7 37. Qg8+ Kh6 38. Qxe8 Rxf2 39. Qe6 Rxg2+ 40. Kxg2
Qxe6 41. dxe6 Kg6 42. Kf3 Kf6 43. e7 Kxe7 44. h4 Kf6 45. Kg3 Kf5 46. Kf3 Kg6
$11 1/2-1/2

[Event "Nationale I"]
[Site "Clichy"]
[Date "2011.12.10"]
[Round "4.7"]
[White "De Lussac, Maxence"]
[Black "Daurelle, Herve"]
[Result "1-0"]
[WhiteElo "1864"]
[BlackElo "2145"]
[PlyCount "123"]
[EventDate "2011.12.10"]
[EventType "team-match"]
[EventCountry "FRA"]
[SourceDate "2011.11.20"]
[WhiteTeam "La Membrolle Choisille"]
[BlackTeam "Clichy"]

1. e4 e5 2. Nf3 Nc6 3. d4 exd4 4. Nxd4 Nf6 5. Nc3 Bb4 6. Nxc6 bxc6 7. Bd3 O-O
8. O-O d5 9. exd5 cxd5 10. Bg5 c6 11. Na4 h6 12. Bh4 Be6 13. c3 Be7 14. Re1 Re8
15. Bc2 Nd7 16. Bg3 Nc5 17. Nxc5 Bxc5 18. Qd3 g6 19. Qd2 Bf8 20. Re2 Qd7 21.
Rae1 Bg4 22. Re3 Rxe3 23. Qxe3 Qb7 24. Qf4 Bd7 25. Qf6 Bg7 26. Qd6 Re8 27.
Rxe8+ Bxe8 28. Qd8 Qd7 29. Qxd7 Bxd7 30. Bb8 a6 31. Bd3 Bc8 32. Ba7 Kf8 33. Kf1
Ke7 34. Bc5+ Ke6 35. Ke2 Be5 36. Ke3 Bd6 37. Kd4 Be5+ 38. Ke3 h5 39. g3 h4 40.
f4 hxg3 41. hxg3 Bc7 42. Be2 f6 43. Bg4+ f5 44. Be2 Bd8 45. Bf3 g5 46. g4 Kf6
47. fxg5+ Kxg5 48. gxf5 Kxf5 49. Be2 $11 Ke5 50. Kd2 Bg5+ 51. Kc2 Bd8 52. b4 a5
53. Kb3 Be6 54. Ka4 axb4 55. Kxb4 Ke4 56. a4 Bf6 57. a5 d4 58. cxd4 Bxd4 59.
Ba6 Kd5 60. Bc4+ Ke5 61. Bxd4+ Kd6 62. Bxe6 1-0

[Event "Nationale I"]
[Site "Clichy"]
[Date "2011.12.10"]
[Round "4.8"]
[White "Bonvalot, Isabelle"]
[Black "Gennesseaux, gabrielle"]
[Result "1-0"]
[WhiteElo "1901"]
[BlackElo "1693"]
[PlyCount "61"]
[EventDate "2011.12.10"]
[EventType "team-match"]
[EventCountry "FRA"]
[SourceDate "2011.11.20"]
[WhiteTeam "Clichy"]
[BlackTeam "La Membrolle Choisille"]

1. e4 e6 2. d4 d5 3. e5 c5 4. c3 Nc6 5. Nf3 Qb6 6. a3 Bd7 7. Be2 Rc8 8. O-O Nh6
9. dxc5 Bxc5 10. b4 Be7 11. Bxh6 gxh6 12. Qd2 Qc7 13. c4 dxc4 14. Nc3 Nxe5 15.
Qxh6 Ng6 16. Qg7 Bf8 17. Qd4 Rg8 18. Ne4 Be7 19. Nf6+ Bxf6 20. Qxf6 Nf4 21.
Rfe1 Nxg2 22. Ng5 Bc6 23. Bh5 Rxg5 24. Rxe6+ Kf8 25. Rxc6 bxc6 26. Qxg5 Nf4 27.
Bg4 Rd8 28. Re1 Ng6 29. h4 Rd5 30. Qh6+ Kg8 31. Re8+ 1-0

[Event "Nationale I"]
[Site "Clichy"]
[Date "2011.12.10"]
[Round "4.1"]
[White "Salaun, Yann"]
[Black "Roser, Kevin"]
[Result "1-0"]
[WhiteElo "2323"]
[BlackElo "2449"]
[PlyCount "75"]
[EventDate "2011.12.10"]
[EventType "team-match"]
[EventCountry "FRA"]
[SourceDate "2011.11.20"]
[WhiteTeam "Tours"]
[BlackTeam "Issy Moulineaux"]

1. e4 c5 2. f4 Nc6 3. Nf3 g6 4. Bb5 Nd4 5. Nxd4 cxd4 6. O-O Bg7 7. d3 a6 8. Ba4
b5 9. Bb3 d6 10. c3 dxc3 11. Nxc3 Nf6 12. e5 dxe5 13. fxe5 Qd4+ 14. Kh1 Qxe5
15. Bf4 Qd4 16. Qf3 Qa7 17. Be3 Qb8 18. Bd5 O-O 19. Bxa8 Bg4 20. Qb7 Qxa8 21.
Qxe7 Bh3 22. Rf3 Bf5 23. Bg5 Re8 24. Qd6 Re6 25. Qf4 Ng4 26. h3 Ne5 27. Rff1
Nxd3 28. Qd2 b4 29. Nd1 Qe8 30. Ne3 Be4 31. Ng4 f5 32. Nf2 Nxf2+ 33. Rxf2 a5
34. Rd1 Rc6 35. Qf4 Rc8 36. Rfd2 Be5 37. Qh4 Bc7 38. Bd8 1-0

[Event "Nationale I"]
[Site "Clichy"]
[Date "2011.12.10"]
[Round "4.2"]
[White "Piankov, Evgenij"]
[Black "Heurtebize, Olivier"]
[Result "1-0"]
[WhiteElo "2356"]
[BlackElo "2278"]
[PlyCount "191"]
[EventDate "2011.12.10"]
[EventType "team-match"]
[EventCountry "FRA"]
[SourceDate "2011.11.20"]
[WhiteTeam "Issy Moulineaux"]
[BlackTeam "Tours"]

1. d4 d5 2. Bg5 c6 3. Nf3 Nd7 4. e3 Ngf6 5. Bd3 e6 6. O-O Be7 7. c4 O-O 8. Nc3
dxc4 9. Bxc4 b5 10. Bd3 a6 11. Bxf6 Nxf6 12. Ne4 Bb7 13. Nxf6+ Bxf6 14. Be4 Qd6
15. Qc2 g6 16. Rfd1 Rfc8 17. Rac1 Rab8 18. a3 Bg7 19. b4 a5 20. Qc3 axb4 21.
axb4 Rd8 22. Rd2 Ra8 23. h3 Ra4 24. Rb2 Qb8 25. Bc2 Ra7 26. Rbb1 Bc8 27. Ra1
Rxa1 28. Rxa1 Bb7 29. Be4 c5 30. Bxb7 cxd4 31. Qc6 dxe3 32. Re1 exf2+ 33. Kxf2
Qa7+ 34. Kf1 Rb8 35. Ba6 Bf8 36. Bxb5 Bxb4 37. Rb1 Bc5 38. Bd3 Rd8 39. Qa6 Qe7
40. Rc1 h6 41. Be2 Kh7 42. Qc6 Rd5 43. Rd1 Rxd1+ 44. Bxd1 Qa7 45. Qb5 Qa3 46.
Qe2 Bb6 47. g3 Qd6 48. Kg2 Bc7 49. Qe1 f5 50. Bb3 e5 51. Qc3 e4 52. Nd4 Qe5 53.
Ne2 Qxc3 54. Nxc3 Kg7 55. Nd5 Be5 56. Nb6 Bd4 57. Nd7 Bb2 58. Be6 Bd4 59. g4
fxg4 60. Bxg4 Be3 61. Bd1 Bd4 62. Nb8 h5 63. Nc6 Bf6 64. Nb4 Kh6 65. Nd5 Be5
66. Bc2 g5 67. Bxe4 Bf4 68. Ne7 Kg7 69. Bc2 Bd2 70. Nf5+ Kf6 71. Ng3 Kg7 72.
Nxh5+ Kh6 73. Bd1 Kg6 74. Ng3 Bf4 75. Ne4 Kf5 76. Kf3 Bc1 77. Bc2 Kg6 78. Kg4
Kg7 79. Kf5 Be3 80. Bb3 Bc1 81. Nc5 Bd2 82. Ne6+ Kh7 83. Kg4 Kg6 84. Bc2+ Kf7
85. Nd4 Kf6 86. Kh5 Bc1 87. Bd1 Be3 88. Nc2 Bd2 89. Bg4 Kg7 90. Nd4 Bc1 91.
Ne6+ Kh7 92. Bf5+ Kh8 93. Kg6 Bd2 94. Bd3 Kg8 95. Bc4 Kh8 96. Nd8 1-0

[Event "Nationale I"]
[Site "Clichy"]
[Date "2011.12.10"]
[Round "4.3"]
[White "Dieu, Bruno"]
[Black "Cotonnec, Melkior"]
[Result "1/2-1/2"]
[WhiteElo "2285"]
[BlackElo "2315"]
[PlyCount "105"]
[EventDate "2011.12.10"]
[EventType "team-match"]
[EventCountry "FRA"]
[SourceDate "2011.11.20"]
[WhiteTeam "Tours"]
[BlackTeam "Issy Moulineaux"]

1. d4 d5 2. Nf3 Nf6 3. e3 e6 4. Bd3 c5 5. b3 Nc6 6. Bb2 Bd6 7. O-O Qe7 8. Ne5
O-O 9. a3 a6 10. Nd2 Nd7 11. f4 f6 12. Bxh7+ Kxh7 13. Qh5+ Kg8 14. Ng6 Qe8 15.
Nf3 Ne7 16. Qh8+ Kf7 17. Nxf8 Qxf8 18. Qh3 cxd4 19. Ng5+ fxg5 20. fxg5+ Nf5 21.
g4 g6 22. gxf5 exf5 23. Rxf5+ gxf5 24. Qxf5+ Ke8 25. Qg6+ Kd8 26. Rf1 Qe7 27.
Bxd4 Ne5 28. Qg8+ Kc7 29. Rf6 Bg4 30. Qxa8 Nf3+ 31. Kf2 Nxd4 32. Qg8 Qe4 33.
Qf7+ Kc6 34. Rxd6+ Kxd6 35. exd4 Qxd4+ 36. Kg3 Be6 37. Qf4+ Qe5 38. g6 Bf5 39.
g7 Bh7 40. Kg4 Qxf4+ 41. Kxf4 Ke6 42. c3 Kf6 43. b4 Bg8 44. a4 Kxg7 45. Ke5 Kg6
46. h4 $11 Kh5 47. Kd6 Kxh4 48. Kc7 d4 49. cxd4 Bd5 50. Kb6 Kg5 51. b5 axb5 52.
Kxb5 Kf6 53. Kb6 1/2-1/2

[Event "Nationale I"]
[Site "Clichy"]
[Date "2011.12.10"]
[Round "4.5"]
[White "Giacomini, Hector"]
[Black "Wittmann, Marc"]
[Result "1/2-1/2"]
[WhiteElo "2281"]
[BlackElo "2223"]
[PlyCount "107"]
[EventDate "2011.12.10"]
[EventType "team-match"]
[EventCountry "FRA"]
[SourceDate "2011.11.20"]
[WhiteTeam "Tours"]
[BlackTeam "Issy Moulineaux"]

1. d4 Nf6 2. Nf3 d6 3. g3 Nbd7 4. Bg2 e5 5. c4 Be7 6. Nc3 O-O 7. O-O c6 8. e4
Qb6 9. Re1 Rd8 10. b3 Nf8 11. Be3 Ng4 12. Bc1 exd4 13. Na4 Qa5 14. Nxd4 Bf6 15.
Bb2 c5 16. Nf5 Bxb2 17. Nxb2 Ne5 18. Ne7+ Kh8 19. f4 Nc6 20. Nxc6 bxc6 21. f5
Qc3 22. Na4 Qe5 23. Qd2 Nd7 24. Rad1 Nf6 25. Qf4 Qxf4 26. gxf4 Nh5 27. Rf1 Rb8
28. e5 d5 29. Nxc5 Bxf5 30. cxd5 cxd5 31. Bxd5 Bg4 32. Bf3 Bxf3 33. Rxd8+ Rxd8
34. Rxf3 Rd1+ 35. Kg2 Rd2+ 36. Kh3 Rxa2 37. f5 Re2 38. e6 fxe6 39. fxe6 Nf6 40.
Rd3 g6 41. Rd8+ Kg7 42. Ra8 Ne4 43. Rxa7+ Kg8 44. Nxe4 Rxe4 45. e7 Kf7 46. Rb7
g5 47. e8=Q+ Kxe8 48. Rxh7 Rb4 49. Rg7 Rxb3+ 50. Kg4 Rb2 51. h3 Kf8 52. Rxg5
Rg2+ 53. Kf5 Rxg5+ 54. Kxg5 1/2-1/2

[Event "Nationale I"]
[Site "Clichy"]
[Date "2011.12.10"]
[Round "4.6"]
[White "Emmenecker, Philippe"]
[Black "Devallee, Jeremie"]
[Result "0-1"]
[WhiteElo "2217"]
[BlackElo "2125"]
[PlyCount "82"]
[EventDate "2011.12.10"]
[EventType "team-match"]
[EventCountry "FRA"]
[SourceDate "2011.11.20"]
[WhiteTeam "Issy Moulineaux"]
[BlackTeam "Tours"]

1. d4 Nf6 2. c4 g6 3. Nc3 Bg7 4. e4 O-O 5. f4 d6 6. Nf3 Nbd7 7. Be2 e5 8. fxe5
dxe5 9. d5 a5 10. O-O h6 11. Nd2 Nc5 12. b3 h5 13. Qe1 Bh6 14. Nf3 Bxc1 15.
Qxc1 Ncxe4 16. Nxe4 Nxe4 17. Nxe5 Qe7 18. Qf4 Bf5 19. Bxh5 Rae8 20. Ng4 Bxg4
21. Bxg4 f5 22. d6 cxd6 23. Bf3 d5 24. cxd5 Qc5+ 25. Kh1 Nf2+ 26. Rxf2 Qxf2 27.
h3 Qb2 28. Rd1 Qe5 29. Qh6 Qd6 30. Bh5 Rf6 31. Bf3 b5 32. Qg5 Rf7 33. Qd2 b4
34. Rc1 Rfe7 35. Kg1 Re3 36. Kf2 Qf4 37. Qd1 Re2+ 38. Kf1 Rd2 39. Qxd2 Qxd2 40.
Rd1 Qxa2 41. d6 Rd8 0-1

[Event "Nationale I"]
[Site "Clichy"]
[Date "2011.12.10"]
[Round "4.7"]
[White "Hubert, Raphael"]
[Black "Demarre, Jacques"]
[Result "1/2-1/2"]
[WhiteElo "2049"]
[BlackElo "2204"]
[PlyCount "69"]
[EventDate "2011.12.10"]
[EventType "team-match"]
[EventCountry "FRA"]
[SourceDate "2011.11.20"]
[WhiteTeam "Tours"]
[BlackTeam "Issy Moulineaux"]

1. e4 e5 2. Nf3 Nc6 3. d4 exd4 4. Bc4 Nf6 5. e5 d5 6. Bb5 Ne4 7. Nxd4 Bc5 8.
Be3 Bxd4 9. Bxd4 O-O 10. Bxc6 bxc6 11. O-O c5 12. Be3 d4 13. Bf4 f6 14. f3 fxe5
15. Bxe5 Nd6 16. Nd2 Rb8 17. Nb3 Nc4 18. Re1 Nxe5 19. Rxe5 Qd6 20. Re2 Bf5 21.
Qd2 Rbd8 22. Na5 Qd5 23. Rae1 d3 24. cxd3 Bxd3 25. Re7 Rd7 26. Rxd7 Qxd7 27.
Nc6 c4 28. Ne5 Qd4+ 29. Kh1 h6 30. h3 c5 31. Nc6 Qd6 32. Ne5 Qd4 33. Nc6 Qd6
34. Ne5 Qd4 35. Nc6 1/2-1/2

[Event "Nationale I"]
[Site "Clichy"]
[Date "2011.12.10"]
[Round "4.8"]
[White "Esposito, Marie Christine"]
[Black "Duval, Claire"]
[Result "0-1"]
[WhiteElo "2100"]
[BlackElo "1698"]
[PlyCount "104"]
[EventDate "2011.12.10"]
[EventType "team-match"]
[EventCountry "FRA"]
[SourceDate "2011.11.20"]
[WhiteTeam "Issy Moulineaux"]
[BlackTeam "Tours"]

1. d4 d5 2. Nf3 Nf6 3. Bf4 Bf5 4. e3 e6 5. Nbd2 c5 6. c3 Nc6 7. Ne5 cxd4 8.
exd4 Bd6 9. Ndf3 Ne4 10. Bb5 Rc8 11. Qa4 Qb6 12. Be3 a6 13. Bxc6+ bxc6 14. Qb3
Qc7 15. c4 f6 16. Nd3 Qa5+ 17. Nd2 Rb8 18. Qc2 Bb4 19. b3 dxc4 20. bxc4 Kf7 21.
f3 Nc3 22. O-O Ne2+ 23. Kh1 Bc3 24. Nb3 Bxd3 25. Qxd3 Rxb3 26. axb3 Bxa1 27.
Qxe2 Rd8 28. Rd1 Bc3 29. Qc2 Bb4 30. Kg1 Rb8 31. Qxh7 Bd6 32. Qd3 Qa2 33. Rb1
a5 34. c5 Bc7 35. Bc1 a4 36. b4 Rc8 37. Rb2 Qd5 38. Rd2 Rd8 39. Qa6 e5 40. dxe5
Qxe5 41. Rxd8 Qe1+ 42. Qf1 Bxh2+ 43. Kxh2 Qxf1 44. Bf4 Qa6 45. Rd7+ Kg6 46. Bd6
Qb5 47. Bf8 Qxb4 48. Rxg7+ Kf5 49. Bd6 a3 50. g4+ Ke6 51. Re7+ Kd5 52. Re2 Qb2
0-1

[Event "Nationale I"]
[Site "Clichy"]
[Date "2011.12.11"]
[Round "5.1"]
[White "Roser, Kevin"]
[Black "Pap, Misa"]
[Result "1-0"]
[WhiteElo "2449"]
[BlackElo "2511"]
[PlyCount "122"]
[EventDate "2011.12.11"]
[EventType "team-match"]
[EventCountry "FRA"]
[SourceDate "2011.11.20"]
[WhiteTeam "Issy Moulineaux"]
[BlackTeam "La Membrolle Choisille"]

1. e4 c5 2. Nf3 Nc6 3. Bb5 g6 4. Bxc6 dxc6 5. d3 Bg7 6. h3 e5 7. O-O Qe7 8. a3
Nf6 9. Nbd2 O-O 10. b4 Rd8 11. bxc5 Qxc5 12. a4 Qe7 13. Ba3 Qc7 14. Qb1 h6 15.
Bb2 Nh5 16. Nc4 Re8 17. Ba3 Re6 18. a5 Nf4 19. Kh2 g5 20. Bc5 Rg6 21. Qb4 g4
22. Nh4 Rg5 23. Ne3 Rh5 24. Nhf5 Bxf5 25. Nxf5 gxh3 26. g3 Ne6 27. Bd6 Qd7 28.
Rfb1 Nd4 29. Nxd4 exd4 30. Qxb7 Rd8 31. Qxd7 Rxd7 32. Rb8+ Kh7 33. Bf4 Be5 34.
Bxe5 Rxe5 35. a6 Rb5 36. Rb1 Ra5 37. R8b7 Rd6 38. Rxf7+ Kg6 39. Rxa7 c5 40. Rb2
Rdxa6 41. Rxa6+ Rxa6 42. Kxh3 h5 43. Rb5 Rc6 44. f4 Kf6 45. Kh4 Kg6 46. Ra5 Kh6
47. f5 Kg7 48. Kxh5 Kf6 49. g4 Ke5 50. g5 Kf4 51. g6 c4 52. g7 Rc8 53. f6 cxd3
54. cxd3 Rc1 55. f7 Rh1+ 56. Kg6 Ke3 57. f8=Q Rg1+ 58. Rg5 Rxg5+ 59. Kxg5 Kxd3
60. g8=Q Ke3 61. Qf4+ Kd3 1-0

[Event "Nationale I"]
[Site "Clichy"]
[Date "2011.12.11"]
[Round "5.2"]
[White "Bujisho, Benjamin"]
[Black "Plachetka, Jan"]
[Result "1-0"]
[WhiteElo "2386"]
[BlackElo "2373"]
[PlyCount "57"]
[EventDate "2011.12.11"]
[EventType "team-match"]
[EventCountry "FRA"]
[SourceDate "2011.11.20"]
[WhiteTeam "La Membrolle Choisille"]
[BlackTeam "Issy Moulineaux"]

1. d4 Nf6 2. c4 g6 3. Nc3 d5 4. cxd5 Nxd5 5. Bd2 Bg7 6. e4 Nb6 7. Be3 O-O 8.
Be2 Nc6 9. Nf3 Bg4 10. d5 Bxf3 11. gxf3 Na5 12. Bd4 Qd6 13. Bxg7 Kxg7 14. Qd2
Qf6 15. h4 Nac4 16. Qc1 h5 17. f4 c6 18. b3 Na5 19. e5 Qf5 20. Qd2 cxd5 21. Bd3
Qg4 22. Ne2 Nc6 23. O-O-O a5 24. Rhg1 Qe6 25. Rg5 a4 26. Bf5 Qxf5 27. Rxf5 gxf5
28. Rg1+ Kh8 29. Qe3 1-0

[Event "Nationale I"]
[Site "Clichy"]
[Date "2011.12.11"]
[Round "5.3"]
[White "Cotonnec, Melkior"]
[Black "Kizov, Atanas"]
[Result "1/2-1/2"]
[WhiteElo "2315"]
[BlackElo "2408"]
[PlyCount "34"]
[EventDate "2011.12.11"]
[EventType "team-match"]
[EventCountry "FRA"]
[SourceDate "2011.11.20"]
[WhiteTeam "Issy Moulineaux"]
[BlackTeam "La Membrolle Choisille"]

1. d4 d5 2. c4 dxc4 3. Nf3 c5 4. e3 cxd4 5. Qxd4 Qxd4 6. Nxd4 Bd7 7. Bxc4 Nc6
8. Nxc6 Bxc6 9. O-O Nf6 10. Rd1 e6 11. Nc3 a6 12. b3 Be7 13. Bb2 O-O 14. Rac1
Rfd8 15. f3 Rxd1+ 16. Rxd1 Rd8 17. Rxd8+ Bxd8 1/2-1/2

[Event "Nationale I"]
[Site "Clichy"]
[Date "2011.12.11"]
[Round "5.4"]
[White "Loiret, Stanislas"]
[Black "Piankov, Evgenij"]
[Result "0-1"]
[WhiteElo "2244"]
[BlackElo "2356"]
[PlyCount "100"]
[EventDate "2011.12.11"]
[EventType "team-match"]
[EventCountry "FRA"]
[SourceDate "2011.11.20"]
[WhiteTeam "La Membrolle Choisille"]
[BlackTeam "Issy Moulineaux"]

1. e4 c6 2. d4 d5 3. exd5 cxd5 4. c4 Nf6 5. Nc3 g6 6. Qb3 Bg7 7. cxd5 O-O 8.
Nf3 Na6 9. Bf4 Qb6 10. Qxb6 axb6 11. Bxa6 bxa6 12. O-O Bb7 13. d6 e6 14. Rfd1
Rfd8 15. Nd2 Nh5 16. Be3 b5 17. Nb3 Rxd6 18. Na5 Bd5 19. a4 b4 20. Nxd5 Rxd5
21. Nc6 Rd6 22. Rac1 b3 23. Rd3 Nf6 24. Rxb3 Nd5 25. Na5 f5 26. g3 Rd7 27. Rc6
Kf7 28. Nc4 g5 29. Nb6 Rb7 30. Nxa8 Rxb3 31. Bxg5 Bxd4 32. Bc1 a5 33. Nc7 Nb4
34. Rd6 e5 35. Rd7+ Kf6 36. Nb5 Bc5 37. Nc3 e4 38. Rxh7 Bxf2+ 39. Kxf2 Nd3+ 40.
Kf1 Nxc1 41. Nd1 Rb4 42. Ne3 Rxb2 43. Rh5 Nd3 44. Rxf5+ Ke6 45. h4 Rb1+ 46. Ke2
Re1+ 47. Kd2 Rxe3 48. Rxa5 Rxg3 49. Rg5 Rh3 50. Kc3 Ne5+ 0-1

[Event "Nationale I"]
[Site "Clichy"]
[Date "2012.12.11"]
[Round "5.5"]
[White "Emmenecker, Philippe"]
[Black "Saucey, Michel"]
[Result "0-1"]
[WhiteElo "2217"]
[BlackElo "2247"]
[PlyCount "58"]
[EventDate "2011.12.11"]
[EventType "team-match"]
[EventCountry "FRA"]
[SourceDate "2011.11.20"]
[WhiteTeam "Issy Moulineaux"]
[BlackTeam "La Membrolle Choisille"]

1. d4 d5 2. Nf3 e6 3. c4 c5 4. e3 Nf6 5. Nc3 Nc6 6. a3 a6 7. dxc5 Bxc5 8. b4
Bd6 9. Bb2 O-O 10. Qc2 a5 11. b5 Nb8 12. Be2 Qe7 13. O-O Nbd7 14. Rfd1 dxc4 15.
Bxc4 Nb6 16. Be2 e5 17. Ng5 h6 18. Nge4 Nxe4 19. Qxe4 Be6 20. g3 f5 21. Qh4
Qxh4 22. gxh4 Rfd8 23. e4 f4 24. Nd5 Nxd5 25. exd5 Bf5 26. Rac1 Rac8 27. h3 Kf7
28. Kh1 Kg6 29. Rg1+ Kh7 0-1